P!nk's VEVO Certified Music Videos - Statistics

General Stats
  • This quiz has been taken 112 times
    15 since last reset
  • The average score is 10 of 24
Answer Stats
Views Music Video % Correct
476M+ So What
86%
1.9B+ Just Give Me A Reason (ft. Nate Ruess)
79%
120M+ Blow Me (One Last Kiss)
71%
256M+ Raise Your Glass
64%
178M+ F**kin' Perfect (Explicit Version)
57%
297M+ Just Like Fire
57%
649M+ Try
57%
333M+ Try (The Truth About Love Live from LA)
57%
371M+ What About Us
57%
110M+ Funhouse
50%
188M+ Just Like A Pill
43%
105M+ Stupid Girls
43%
179M+ Beautiful Trauma
36%
166M+ Sober
36%
161M+ True Love (ft. Lily Allen)
36%
110M+ U + Ur Hand
36%
198M+ Who Knew
36%
133M+ Don't Let Me Get Me
29%
202M+ Please Don't Leave Me
29%
137M+ Walk Me Home
29%
135M+ Perfect
21%
113M+ Family Portrait
14%
107M+ Cover Me In Sunshine (w/ Willow Sage Hart)
0%
141M+ What's Up (Live from Wembley Arena)
0%
No matching quizzes found
Score Distribution
Percent of People with Each Score
Percentile by Number Answered
Your Score History
You have not taken this quiz since the last reset